00977cam a22003494i 4500003000900000005001700009008004100026035001800067040003300085082002000118100003000138245005200168246003900220264003100259300005500290336002100345337002500366338002300391505006700414526001000481526001000491526001000501526001000511526000800521526000800529526000800537526000800545526000800553526000800561526000800569650005000577PE-LiUPU20250731173439.0150616s1966 sp a r 000 0 spa d a(Sirsi) a5644 aPE-LiUPUbspacPE-LiUPUerda04a262.52bP452211 aPérez, Teofilo,eautor.10a18 Propulsores del Concilio /cTeofilo Pérez.3 aDiesiocho Propulsores del Concilio 1aBilbao :bPaulinas,c1966. a320 páginas :bilustraciones ;c17 centímetros atext2rdacontent aunmediated2rdamedia avolume2rdacarrier0 aVida, hechos y palabras de los 18 propulsores del concilio II. aSEG42 aSEG41 aSEG40 aSEG39 aP94 aP87 aP86 aP85 aP77 aP76 aP3504aConcilio vaticano II, 1962-1965 - Propulsores